UM Logo

Theodore Boone, the fugitive/ (Record no. 17493)

MARC details
000 -LEADER
fixed length control field 00433nam a22001457a 4500
008 - FIXED-LENGTH DATA ELEMENTS--GENERAL INFORMATION
fixed length control field 221026b ||||| |||| 00| 0 eng d
020 ## - INTERNATIONAL STANDARD BOOK NUMBER
International Standard Book Number 9780147510181
082 ## - DEWEY DECIMAL CLASSIFICATION NUMBER
Edition number 2016
Classification number DFic
Item number G887
100 ## - MAIN ENTRY--PERSONAL NAME
Personal name Grisham, John.
9 (RLIN) 46521
245 ## - TITLE STATEMENT
Title Theodore Boone, the fugitive/
Statement of responsibility, etc. John Grisham.
260 ## - PUBLICATION, DISTRIBUTION, ETC. (IMPRINT)
Place of publication, distribution, etc. New York :
Name of publisher, distributor, etc. Puffin Books,
Date of publication, distribution, etc. ©2016.
300 ## - PHYSICAL DESCRIPTION
Extent 249 pages ;
Dimensions 19 cm.
650 ## - SUBJECT ADDED ENTRY--TOPICAL TERM
Topical term or geographic name as entry element Courts
Form subdivision Juvenile fiction.
9 (RLIN) 46525
942 ## - ADDED ENTRY ELEMENTS (KOHA)
Source of classification or shelving scheme Dewey Decimal Classification
Koha item type Fiction
Holdings
Withdrawn status Lost status Source of classification or shelving scheme Damaged status Not for loan Collection code Home library Current library Date acquired Source of acquisition Cost, normal purchase price Total Checkouts Full call number Barcode Date last seen Price effective from Koha item type
    Dewey Decimal Classification     Fiction UM Digos College - LIC UM Digos College - LIC 08/16/2022 Purchased 3800.00   DFic G887 2016 27167 05/15/2025 10/26/2022 Fiction